The Mississippian series of eastern Kentucky. (Record no. 26205)

MARC details
000 -LEADER
fixed length control field 01103cam a22002411 4500
001 - CONTROL NUMBER
control field gs 23000012
003 - CONTROL NUMBER IDENTIFIER
control field DLC
005 - DATE AND TIME OF LATEST TRANSACTION
control field 20260227111327.0
008 - FIXED-LENGTH DATA ELEMENTS--GENERAL INFORMATION
fixed length control field 781117s1922 kyuaf s001 0 eng c
010 ## - LIBRARY OF CONGRESS CONTROL NUMBER
LC control number gs 23000012
035 ## - SYSTEM CONTROL NUMBER
System control number (OCoLC)4382840
040 ## - CATALOGING SOURCE
Original cataloging agency U.S. Geol. Survey. Library
Transcribing agency NAlfC
Modifying agency OCoLC
-- DLC
042 ## - AUTHENTICATION CODE
Authentication code premarc
050 00 - LIBRARY OF CONGRESS CALL NUMBER
Classification number QE672
Item number .B8
100 1# - MAIN ENTRY--PERSONAL NAME
Personal name Butts, Charles,
Dates associated with a name 1863-1946.
245 14 - TITLE STATEMENT
Title The Mississippian series of eastern Kentucky.
Remainder of title A regional interpretation of the stratigraphic relations of the sub-carboniferous group based on new and detailed field examinations,
Statement of responsibility, etc. by Charles Butts ... Prepared in cooperation with the United States Geological Survey. Illustrated with 93 photographs, maps and diagrams.
250 ## - EDITION STATEMENT
Edition statement 1st ed. ...
260 ## - PUBLICATION, DISTRIBUTION, ETC.
Place of publication, distribution, etc. Frankfort, Ky.,
Name of publisher, distributor, etc. The Kentucky Geological Survey,
Date of publication, distribution, etc. 1922.
300 ## - PHYSICAL DESCRIPTION
Extent vii p., 1 l., 188 p.
Other physical details front., illus., plates, tables, fold. diagrs.
Dimensions 24 cm.
490 0# - SERIES STATEMENT
Series statement Kentucky. Geological Survey, 1920-1932. ser. 6. [Geologic reports]
Volume/sequential designation v. 7
650 #0 - SUBJECT ADDED ENTRY--TOPICAL TERM
Topical term or geographic name entry element Geology
Geographic subdivision Kentucky.
650 #0 - SUBJECT ADDED ENTRY--TOPICAL TERM
Topical term or geographic name entry element Geology, Stratigraphic
Chronological subdivision Carboniferous.

No items available.

Powered by Koha